| 000 | 00421nam a22001697a 4500 | ||
|---|---|---|---|
| 003 | MPLRDC | ||
| 005 | 20220104124352.0 | ||
| 008 | 210129b ||||| |||| 00| 0 eng d | ||
| 082 | _a876.7 VER | ||
| 100 | _a儒勒. 凡尔纳 | ||
| 245 |
_a八十日环游地球 _c康伯译 |
||
| 250 | _a初版 | ||
| 260 |
_a _b大光出版社有限公司 _c1984 |
||
| 300 | _b平 | ||
| 650 | _a法国文学 | ||
| 942 |
_cBK _o876.7 VER |
||
| 999 |
_c18780 _d18770 |
||